000 01501nam a2200205Ia 4500
001 b4693-30673
003 IT-MiCISF
008 161014s9999||||xx |||||||||||||| ||und||
040 _aIT-MiCISF
_cIT-MiCISF
041 _ait
100 _aBallantini Mario (a cura di)
245 0 _aSuicidio e società
_bUna speranza dalla prevenzione
250 _a1a ed.
260 _a Milano
_bFranco Angeli
_c1999
300 _app. 158
500 _aAlberti G.C., Ballantini M., Barlassina C., Beltz J., Biagioni M., Bonenti D., Bonetti S., Borgna E., Brivio R., Capobianco P., Cassani E., Cecconami L., Codazzi L., Colombo E., Fazio Tirrozzo M.G., Gaboardi C., Guglielmana R..... / suicidio, società, prevenzione, servizi, giovani, psichiatria, territorio / La crescente attenzione al suicidio viene qui sollecitata verso due nodi principali. In primo luogo si sottolinea la non coincidenza tra condizione di "pazzia" e tendenze suicidarie, per cui la correlazione tra condizioni specifiche di disagio psichico (es. depressione) e scelta del suicidio deve suggerire strategie mirate di sostegno precoce, e non di stigmatizzazione impotente; in secondo luogo gli AA. sottolineano la necessità e la possibilità di adottare strategie preventive, sia di tipo collettivo, sia sui singoli casi, che sono spesso capaci di impedire definitivamente il verificarsi della decisione del suicidio. Per operatori dei servizi.
650 _a Famiglia e servizi / morte
_e007
942 _cBK
957 _71
999 _a30673
_bsi
_g1
_c212540
_d212540